MARC

LEADER 00000nam0a2200000 4500
001 312068
005 20231102002440.0
020 |a RU  |b 82-29456 
035 |a (RuTPU)RU\TPU\book\337435 
090 |a 312068 
100 |a 20151216d1982 km y0rusy5003 ca 
101 0 |a rus 
102 |a UZ 
105 |a y z 000zy 
200 1 |a Дифференциальные уравнения и вопросы теории ветвления  |e сборник статей  |f Академия наук Узбекской ССР (АН УзССР), Институт математики им. В. И. Романовского ; под ред. М. С. Салахитдинова 
210 |a Ташкент  |c Фан  |d 1982 
215 |a 230 с. 
606 1 |a Ветвления теория  |2 stltpush  |3 (RuTPU)RU\TPU\subj\2318  |9 30899 
606 1 |a Дифференциальные уравнения  |2 stltpush  |3 (RuTPU)RU\TPU\subj\9693  |9 36875 
610 1 |a краевые задачи 
610 1 |a банаховы пространства 
610 1 |a математическая физика 
610 1 |a прикладная информатика 
610 1 |a прикладная математика 
610 1 |a дифференциальные игры 
610 1 |a задача Коши 
675 |a 519.218  |z rus  |v 3 
675 |a 517.9  |z rus  |v 3 
702 1 |a Салахитдинов  |b М. С.  |g Махмуд Салахитдинович  |4 340 
712 0 2 |a Академия наук Узбекской ССР (АН УзССР)  |b Институт математики им. В. И. Романовского  |2 stltpush  |3 (RuTPU)RU\TPU\col\12154 
801 0 |a RU  |b RuMRKP  |c 19950704  |g psbo 
801 1 |a RU  |b 63413507  |c 20151216 
801 2 |a RU  |b 63413507  |c 20191111  |g RCR 
942 |c BK